000 00848nam a2200289Ia 4500
001 18754
003 IT-RoPAU
008 130308s9999 xx 000 0 und d
040 _aIT-RoPAU
040 _cIT-RoPAU
041 _aITALIANO
100 _aBallo Francesco
100 _gCodice Aut. SPICS: 5777
245 _aCimino sta a Siegel come Siegel sta a Walsh, come Walsh sta a Griffith, come Griffith sta a Porter
245 _bMostra internazionale del Cinema libero (La)-1960/1980
250 _a1a ed.
260 _aVENEZIA
260 _bMarsilio
260 _c1981 [1° Ed.:1981 - Ed.Ling.Originale:1981]
300 _a"7 p. (prefazione: no ; testo: 7 [pagine: 297-303])"
650 _aMANIFESTAZIONI CINEMATOGRAFICHE
650 _eCodice materia Spics: 6815
942 _cBK
957 _71
999 _c56542
_d56542
999 _bSI
999 _g1